LEADER 01505nam a2200337 a 4500 001 000000150303 003 CaOOAMICUS 005 20160310164831.0 008 160310s2010 it 000 u ita r 020 $a978-88-308-1025-9* 032 $aLibriCat 040 $aPUL$bita 082 14$a234 110 2 $aIstituto Teologico Marchigiano.$bAtti del II Seminario specialistico di teologia sacramentaria$n(30 giugno-1 luglio ;$d2008 ;$cAncona).$0(OLS)http://pul/name/95698 245 10$aUniversalitą della salvezza e mediazione sacramentale / $ca cura di Mario Florio ; F. Giacchetta. 260 $aAssisi :$bCittadella,$c© 2010. 300 $a296 p. ;$c21 cm. 490 1 $aGestis verbisque ;$v05 504 $aBibliografia in nota a pič pagina. 650 4$aSalvezza.$0(OLS)http://pul/subject/2067 700 1 $aFlorio, Mario.$0(OLS)http://pul/name/50539 700 1 $aGiacchetta, Francesco.$0(OLS)http://pul/name/55605 830 0$aGestis verbisque ;$v05.$0(OLS)http://pul/title/138354 850 $aPUL 852 $aPUL$W1$xSL Religione 3$y85$m234 FLOMA 1$j172867$qDDC 21$B174809$CPULBib$Z2$F174809 $H127446 $81 941 1 $a9 996 $6020$a978-88-308-1025-9*$9(OLS)http://pul/number/160029 996 $6082$a234$9(OLS)http://pul/classification/573 996 $6245$aUniversalitą della salvezza e mediazione sacramentale / $9(OLS)http://pul/title/189410 996 $6260$aAssisi :$bCittadella$9(OLS)http://pul/publisher/49668 LEADER 01979namaa2200373 i 4500 001 000000177365 003 CaOOAMICUS 005 20241007122830.0 007 tu 008 241007s2024 it h 000 u ita r 020 $a978-88-8054-956-7* 040 $aPUL$bita$erda 082 0 $a346.45064 111 0 $aArcidiocesi di Siracusa$cOsservatorio giuridico diocesano$cGiornata di Studi$d(2024 :Fondazione Sant?Angela Merici, Siracusa)$eautore.$0(OLS)http://pul/name/114058 245 10$aEnti ecclesiastici e riforma del terzo settore :$batti della giornata di studi dell'Osservatorio giuridico diocesano di Siracusa : 3 maggio 2024 /$ca cura di Gianluca Belfiore, Sebastiano Amenta [e altri dodici] . 264 1$aRoma :$bEdizioni Scout Fiordaliso,$c[2024] 264 4$c©2024. 300 $a126 pagine ;$c24 cm 336 $atesto$btxt$2rdacontent 337 $asenza mediazione$bn$2rdamedia 338 $avolume$bnc$2rdacarrier 504 $aBibliografia in nota a pič pagina. 650 4$aEnti ecclesiastici$xDiritto e legislazione$zItalia.$0(OLS)http://pul/subject/1710 700 1 $aBelfiore, Gianluca ,$csacerdote,$d1981-,$ecuratore.$0(OLS)http://pul/name/102418 700 1 $aAmenta, Sebastiano,$c sacerdote,$econtributore.$0(OLS)http://pul/name/114059 850 $aPUL 852 $aPUL$W1$xSL Diritto e Scienze Sociali 3$y79$m346. 45064 BELGI 1$j201320$qDDC 21$B206316$CPULBib$Z2$F206316 $H137409 $82 941 1 $a9 996 $6020$a978-88-8054-956-7*$9(OLS)http://pul/number/170061 996 $6082$a346.45064$9(OLS)http://pul/classification/2205 996 $6245$aEnti ecclesiastici e riforma del terzo settore :$batti della giornata di studi dell'Osservatorio giuridico diocesano di Siracusa : 3 maggio 2024$9(OLS)http://pul/title/218873 996 $6264$a[S.l.] :$b[s.n.]$9(OLS)http://pul/publisher/0 996 $6264$aRoma :$bEdizioni Scout Fiordaliso$9(OLS)http://pul/publisher/87627